000 00729nam a2200253Ia 4500
003 OSt
005 20220925201907.0
006 a|||||r|||| 00| 0
007 ta
008 220923b |||||||| |||| 00| 0 eng d
020 _a8177080083
037 _cGeneral Book
040 _aRTL
_cRTL
_beng
041 _2eng
_aeng
082 _aX:9.2.P, P1
100 _aJafa V S Ed.
_9262835
245 0 _aIndia
_b Labour and employment scenario in the 21st century
260 _aDelhi
_bNew Century Publications
_c2001
300 _axi, 211p
_ccm.
490 _aCentre for New Perspectives
650 _aLabour Economics
_921364
942 _hX:9.2.P, P1
_cGB
_2CC
999 _c541651
_d541651